| Tag |
First Indicator |
Second Indicator |
Subfields |
| LEADER |
00000cam a2200000 4500 |
| 001 |
in00000040612 |
| 005 |
20151007074524.0 |
| 008 |
750320s1906 nyua 00010 eng u |
| 010 |
|
|
|a 06026528
|
| 035 |
|
|
|a (OCoLC)01226439
|
| 035 |
|
|
|9 AAF1647AM
|
| 040 |
|
|
|c ITD
|d TXA
|d UtOrBLW
|
| 049 |
|
|
|a TXAM
|c [40522]
|
| 050 |
0 |
0 |
|a S591
|b .H6
|
| 092 |
|
|
|a 631.4
|b H644s
|
| 100 |
1 |
|
|a Hilgard, Eugene W.
|q (Eugene Woldemar),
|d 1833-1916.
|
| 245 |
1 |
0 |
|a Soils, their formation, properties, composition, and relations to climate and plant growth in the humid and arid regions /
|c by E. W. Hilgard.
|
| 264 |
|
1 |
|a New York :
|b The Macmillan company;
|a London :
|b Macmillan & co., ltd.,
|c 1906.
|
| 300 |
|
|
|a 2 preliminary leaves, iii-xxvii pages, 1 ., 593 pages :
|b illustrations, diagrams ;
|c 23 cm.
|
| 336 |
|
|
|a text
|b txt
|2 rdacontent
|
| 337 |
|
|
|a unmediated
|b n
|2 rdamedia
|
| 338 |
|
|
|a volume
|b nc
|2 rdacarrier
|
| 650 |
|
0 |
|a Soils.
|
| 999 |
|
|
|a MARS
|
| 999 |
f |
f |
|s 763b2713-2eff-314c-a5ee-7aad424fc666
|i 4a7c4fb0-f7d1-30c1-9257-d1290d54c3f0
|t 0
|
| 952 |
f |
f |
|p ric
|a Texas A&M University
|b Rellis Campus
|c Joint Library Facility
|d Remote Storage
|t 0
|e S591 .H6
|h Library of Congress classification
|i unmediated -- volume
|m A14801064070
|
| 998 |
f |
f |
|a S591 .H6
|t 0
|l Remote Storage
|